000 004450000a22001810004500
003 MACL
005 20150908143152.0
008 150908b xxu||||| |||| 00| 0 eng d
040 _aMACL
_cMACL
041 _aEnglish
082 _a200/SOM
100 _aSomerville, Augustus
_99294
245 _aCrime and Religious Beliefs in India
260 _bBona
_c2009
_aKolkata
350 _a200
650 _aReligion
_99295
942 _cBK
_k200/SOM
_2ddc
999 _c42565
_d42565